000 00564nam a2200169Ia 4500
001 6626
008 260622s9999 xx 000 0 und d
020 _a9786148013102
245 0 _aروح العيلة: 77 وضعيّة لبنانية/
_cفرانسيس البون
260 _aبيروت؛
_bبيت الكتّاب الدولي؛ منشورات صنوبر؛ شريف مجدلاني؛
_c2018
300 _a128p;
_c19x13cm
546 _aArabic
650 _aPJ7501-8517 Arabic literature
651 _aLebanon
655 _aFiction رواية
_99477
942 _cBK
999 _c6626
_d6626